| 000 | 00605nam a2200181Ia 4500 | ||
|---|---|---|---|
| 008 | 090630s9999 xx 000 0 und d | ||
| 082 | _b18380 | ||
| 100 | _aचिखले सुरेश. | ||
| 245 |
_aखंडोबाचे लगीन. _cचिखले सुरेश. |
||
| 260 |
_bसमाधी - नाशिक. _c2000 |
||
| 300 | _a64 | ||
| 600 | _aचिखले सुरेश. | ||
| 630 | _aखंडोबाचे लगीन. | ||
| 655 | _aनाटक. | ||
| 700 | _aचिखले सुरेश. | ||
| 730 | _aखंडोबाचे लगीन. | ||
| 942 | _cBOOK | ||
| 999 |
_c270236 _d270236 |
||